Eléments d'embryologie, (Record no. 38225)

MARC details
000 -LEADER
fixed length control field 00642cam a22002291 4500
001 - CONTROL NUMBER
control field med47000959
003 - CONTROL NUMBER IDENTIFIER
control field DLC
005 - DATE AND TIME OF LATEST TRANSACTION
control field 20260227111601.0
008 - FIXED-LENGTH DATA ELEMENTS--GENERAL INFORMATION
fixed length control field 810622s1946 xx a 000 0 fre
010 ## - LIBRARY OF CONGRESS CONTROL NUMBER
LC control number med47000959
035 ## - SYSTEM CONTROL NUMBER
System control number (OCoLC)14751061
040 ## - CATALOGING SOURCE
Original cataloging agency DLC
Transcribing agency DNLM
Modifying agency DLC
042 ## - AUTHENTICATION CODE
Authentication code premarc
050 00 - LIBRARY OF CONGRESS CALL NUMBER
Classification number QM601
Item number .G57 1946
060 0# - NATIONAL LIBRARY OF MEDICINE CALL NUMBER
Classification number QS 604
Item number G528e 1946
100 1# - MAIN ENTRY--PERSONAL NAME
Personal name Giroud, A.
Fuller form of name (Antoine),
Dates associated with a name 1898-
245 10 - TITLE STATEMENT
Title Eléments d'embryologie,
Statement of responsibility, etc. par ... A. Giroud ... et A. Lelièvre ...
250 ## - EDITION STATEMENT
Edition statement 2. éd. ...
260 ## - PUBLICATION, DISTRIBUTION, ETC.
Place of publication, distribution, etc. Paris,
Name of publisher, distributor, etc. Le François,
Date of publication, distribution, etc. 1946.
300 ## - PHYSICAL DESCRIPTION
Extent 333 p.
Other physical details ill.
700 1# - ADDED ENTRY--PERSONAL NAME
Personal name Lelièvre, A.
Fuller form of name (André),
Dates associated with a name 1901-

No items available.

Powered by Koha